000 00883nam a2200277 a 4500
001 BRL_61
005 20190320210554.0
008 910817s1987 mx-a######---#000-0#spa-#
020 _a9688374229
040 _aDLC
_cDLC
041 _aspa
044 _amx
050 4 _aF1392
_b.J67 1987
245 1 0 _aJornadas Culturales. La presencia judía en México
_bMemorias.
260 _aMéxico
_bCoordinación de Difusión Cultural de la UNAM : Tribuna Israelita
_c1987
300 _a122 p.
_bil.
_c22 cm.
500 _aAu97
650 1 4 _aJudíos
_xHistoria
_zMéxico
_922796
650 1 4 _aJudíos
_xLa vida intelectual
_zMéxico
_922797
651 4 _aMéxico
_xLas relaciones étnicas
_922798
710 2 _aUNAM
_bCoordinación de Difusión Cultural
_922799
710 2 _aMultibanco Mercantil de México
_922800
710 2 _aTribuna Israelita
_922801
902 _aGRL
942 _2lcc
_cB
999 _c8874
_d8874